000 00681nam a22002057a 4500
003 UA-OsUOA
001 72786
007 ta
008 20110127b un ||||| |||| 00| 0 ukr d
100 _aШрайберг Я.
090 _bШ85
942 _cSA
040 _aUA-OsUOA
_bukr
_cUA-OsUOA
_dUA-OsUOA
245 _aПерше десятиріччя інформаційного століття: вплив інформаційно-електронного середовища на роль і позицію бібілотек у суспільстві, що розвивається
300 _aС.78-104
955 _a0
041 _aukr
773 0 _w72781
650 7 _2UDC
999 _c359071
_d359071